| 000 | 00000nam##2200000za#4500 |
| 001 | 9.695305 |
| 003 | CaOODSP |
| 005 | 20240209132436 |
| 007 | cr ||||||||||| |
| 008 | 150407|1996||||xxc|||||o f|0| 0 eng|d |
| 040 | |aCaOODSP|beng |
| 043 | |an-cn--- |
| 086 | 1 |aC89-43/1996E-PDF |
| 110 | 2 |aAtlantic Canada Opportunities Agency. |
| 245 | 10|aAtlantic Canada human development index study / |h[electronic resource]|c[by] Mike McCracken, Martha Justus and Bing He. |
| 260 | |bAtlantic Canada Opportunities Agency |cMarch 1996. |
| 300 | |a112p.|bgraphs, references, tables |
| 500 | |a"The objectives of this study are: 1. To determine how the Atlantic Canada region, as a whole, would rank within the UN HDI [Human Development Index] relative to: a) Canada as a whole; and b) The other industrialized countries ranked by the UN, especially those constituting the G7. 2. To rank Atlantic Canada as a whole according to the indicators used for industrialized countries in the UN HDR [Human Development Report] study."--Page 2. |
| 520 | 3 |aThe objectives of this study are: 1. To determine how the Atlantic Canada region, as a whole, would rank within the UN HDI [Human Development Index] relative to: a) Canada as a whole; and b) The other industrialized countries ranked by the UN, especially those constituting the G7. 2. To rank Atlantic Canada as a whole according to the indicators used for industrialized countries in the UN HDR [Human Development Report] study.--Page 2 |
| 590 | |a11-30-Supp|b2011-12-02 |
| 690 | 07|aAtlantic provinces|2gcpds |
| 720 | 1 |aMcCracken, Mike |
| 720 | 1 |aJustus, Martha |
| 720 | 1 |aHe, Bing |
| 775 | 08|tÉtude de la région de l'Atlantique à partir de l'indice du développement humain / |w(CaOODSP)9.639451 |
| 776 | 0#|tAtlantic Canada human development index study / |w(CaOODSP)9.647020 |
| 856 | 40|ahttp://publications.gc.ca|qPDF|s257 KB|uhttps://publications.gc.ca/collections/Collection/C89-43-1996E.pdf |